Liczba Po Rzymskiej (Losowe) - Statystyki

Ogólne statystyki
  • Ten quiz został rozwiązany 83 razy
  • Średni wynik to 5 z 5
Statystyki odpowiedzi
Liczba Rzymska % Poprawnych
1 I
100%
10 X
100%
11 XI
100%
12 XII
100%
13 XIII
100%
14 XIV
100%
15 XV
100%
16 XVI
100%
18 XVIII
100%
19 XIX
100%
2 II
100%
20 XX
100%
21 XXI
100%
23 XXIII
100%
25 XXV
100%
27 XXVII
100%
28 XXVIII
100%
3 III
100%
30 XXX
100%
32 XXXII
100%
33 XXXIII
100%
34 XXXIV
100%
35 XXXV
100%
36 XXXVI
100%
37 XXXVII
100%
38 XXXVIII
100%
39 XXXIX
100%
4 IV
100%
40 XL
100%
43 XLIII
100%
46 XLVI
100%
47 XLVII
100%
5 V
100%
50 L
100%
6 VI
100%
7 VII
100%
8 VIII
100%
9 IX
100%
31 XXXI
91%
22 XXII
90%
24 XXIV
90%
42 XLII
89%
29 XXIX
83%
17 XVII
80%
48 XLVIII
80%
26 XXVI
75%
45 XLV
75%
44 XLIV
67%
41 XLI
60%
49 IL
60%
Nie znaleziono quizów pasujących do podanych kryteriów
Rozkład punktacji
Procent ludzi z każdym wynikiem
Percentyl według liczby udzielonych odpowiedzi
Twoja historia wyników
Nie rozwiązałeś tego quizu